00420nam a2200157Ia 45000010006000000050017000060080041000230410008000640820016000721000031000882450090001192600009002093000028002186500008002466540008002541715320260306170404.0260306t1997||||xx |||||||||||||| ||und|| aESP a657.48bC36 aCataldo Pizarro, JuaneAUT 0aGestión del presupuesto ABC:bsu integración con la calidad y las normas ISO-9000 c1997 a218 páginas :c23 cm. aGEN aCCO